Detalles MARC
| 000 -LÍDER |
| Campo fijo de descripción fija |
02391cam a2200349 i 4500 |
| 001 - NÚMERO DE CONTROL |
| Campo de control |
768714001 |
| 003 - IDENTIFICADOR DEL NÚMERO DE CONTROL |
| Campo de control |
CO-MdFUSB |
| 005 - FECHA Y HORA DE LA ULTIMA TRANSACCIÓN |
| control field |
20220311151455.0 |
| 007 - CAMPO FIJO DE DESCRIPCIÓN FIJA--INFORMACIÓN GENERAL |
| Campo fijo de descripción fija |
ta |
| 008 - ELEMENTOS DE LONGITUD FIJA -- INFORMACIÓN GENERAL |
| Campo fijo de descripción fija -- Información general |
970623t1997 miu b 001 0 eng d |
| 020 ## - NÚMERO INTERNACIONAL NORMALIZADO PARA LIBROS |
| Número Internacional Normalizado del libro |
0802838464 |
| 040 ## - FUENTE DE CATALOGACIÓN |
| Agencia de catalogación original |
GEU-T |
| Idioma de catalogación |
eng |
| Agencia que realiza la transcripción |
CO-MdFUSB |
| Agencia que realiza la modificación |
OrLoB-B |
| Convenciones de la descripción |
rda |
| 041 ## - CÓDIGO DE IDIOMA |
| Código de idioma para texto/pista de sonido o título separado |
eng |
| 082 ## - NÚMERO DE CLASIFICACIÓN DECIMAL DEWEY |
| Número de la edición del Dewey |
23 |
| Número de clasificación |
230.041 |
| Clave de autor-Numero de item |
W338 |
| 100 1# - ASIENTO PRINCIPAL--NOMBRE PERSONAL |
| Nombre personal |
Watson, Francis, |
| Fechas asociadas con el nombre |
1956- |
| Término relacionador |
autor |
| 245 10 - TÍTULO |
| Título del Material |
Text and truth : |
| Parte restante del título - Subtitulo |
redefining biblical theology / |
| Mención de responsabilidad, etc. |
Francis Watson. |
| 264 #1 - PRODUCCIÓN, PUBLICACIÓN, DISTRIBUCIÓN, MANUFACTURA, Y COPYRIGHT |
| Lugar de producción, publicación, distribución, manufactura |
Grand Rapids, Mich. : |
| Nombre del productor, publicador, distribuidor |
W.B. Eerdmans Pub., |
| Fecha de producción, publicación, distribución, manufactura, o copyright |
[1997] |
| 264 #4 - PRODUCCIÓN, PUBLICACIÓN, DISTRIBUCIÓN, MANUFACTURA, Y COPYRIGHT |
| Fecha de producción, publicación, distribución, manufactura, o copyright |
© 1997 |
| 300 ## - DESCRIPCIÓN FÍSICA |
| Extensión |
344 páginas ; |
| Dimensiones |
24 cm. |
| 336 ## - TIPO DE CONTENIDO |
| Término de tipo de contenido |
texto |
| Código de tipo de contenido |
txt |
| Fuente |
rdacontent. |
| 337 ## - TIPO DE MEDIO |
| Nombre del tipo de medio |
sin mediación |
| Código del tipo de medio |
n |
| Fuente |
rdamedia. |
| 338 ## - TIPO DE SOPORTE |
| Nombre del tipo de soporte |
volumen |
| Código Tipo de soporte |
nc |
| Fuente |
rdacarrier. |
| 504 ## - NOTA DE BIBLIOGRAFÍA, ETC. |
| Nota de bibliografía, etc |
Incluye referencias bibliográficas e índices. |
| 505 ## - NOTA DE CONTENIDO |
| Nota de contenido con formato preestablecido |
Los evangelios como historia narrada -- Texto múltiple y el evangelio singular -- Sentido literal, intención autoral, interpretación objetiva: en defensa de algunos conceptos pasados de moda -- Borrando el texto : lecturas en el neomarcionismo -- La teología del Antiguo Testamento como empresa teológica cristiana -- La creación en el principio -- A la imagen de Dios -- La<br/>Escritura en diálogo : un estudio sobre la interpretación cristiana primitiva del Antiguo Testamento. |
| 520 1# - NOTA DE RESUMEN, ETC. |
| Nota de sumario, etc. |
"Las disciplinas de los estudios bíblicos y la teología sistemática se han practicado en los tiempos modernos en relativo aislamiento entre sí. Francis Watson argumenta que el desarrollo separado de los estudios del Antiguo y Nuevo Testamento y la teología sistemática empobrece a las tres disciplinas y distorsiona el objeto de su estudio. " "En el pasado, una 'teología bíblica' que tomaba en serio las responsabilidades teológicas del intérprete bíblico fue criticada por algunos eruditos como perjudicial para la práctica de las disciplinas exegética y teológica. Aquí Francis Watson aboga por una mayor participación teológica con la exégesis y hermenéutica en lugar de menos: la teología bíblica, sostiene, debe practicarse en un enfoque interdisciplinario que pueda basarse libremente en los recursos y perspectivas de las dos disciplinas exegéticas y de la teología sistemática" |
| 563 ## - NOTA DE ENCUADERNACIÓN |
| Nota de encuadernación |
Pasta dura |
| 650 #7 - ASIENTO SECUNDARIO DE MATERIA - TERMINO TEMÁTICO |
| 9 (RLIN) |
418 |
| Término temático o nombre geográfico como elemento de entrada |
Hermenéutica |
| 650 #7 - ASIENTO SECUNDARIO DE MATERIA - TERMINO TEMÁTICO |
| 9 (RLIN) |
320 |
| Término temático o nombre geográfico como elemento de entrada |
Teología bíblica |
| 942 ## - TIPO DE MATERIAL (KOHA) |
| Tipo de Item KOHA |
Libros General |
| 945 ## - INFORMACIÓN LOCAL DEL REGISTRO |
| Catalogador |
JTF-925 |